000 00291nam a2200109Ia 4500
005 20251222144637.0
008 251222s9999||||xx |||||||||||||| ||spa||
082 _a909.7/V84
100 _a"Volodin, A.Plimak, E."
245 0 _aLas ideas revolucionarias de los siglos XVIII y XIX
942 _cLIB
999 _c16532
_d16532